000 00382nam a2200145 i 4500
001 bg
100 1 _aSMOTRYCKI, Stanisław
245 0 _aOkrętowe mechanizmy pokładowe /
_cStanisław Smotrycki, Stanisław Piekarz.
260 _aSzczecin,
_c1978.
700 1 _aPIEKARZ, Stanisław
040 _cBPK
041 _apol
942 _cKS
008 s pl f |000 0 pol
999 _c17834
_d17834
856 _uhttp://koha.tu.koszalin.pl/cgi-bin/koha/opac-detail.pl?biblionumber=17834
_yKatalog online BPK